Path Finder: A Logic Puzzle Quiz Stats

 Plays Quiz Updated Apr 7, 2014

     
Support Sporcle.
Go Orange.
Score 0/19 Timer 08:00
9 Plays Today
% Correct
???
97%
???
90.8%
???
72.3%
???
64.9%
???
52.5%
???
50.9%
???
48.6%
???
42.8%
???
41.3%
???
40.8%
% Correct
???
34.8%
???
34.2%
???
27.6%
???
21.3%
???
16.4%
???
14.9%
???
14.6%
???
14.4%
???
14.3%

From the Vault

Opening Lyrics - The Beatles

by Zeus12888

Music 6m
It's like The Beatles said, take a sad song and make it better.. or into a Sporcle quiz.
Remove Ads.
Support Sporcle.
Get the best of Sporcle when you Go Orange. This ad-free experience offers more features, more stats, and more fun while also helping to support Sporcle. Thank you for becoming a member.

Show Comments

Extras

Top Quizzes Today


Score Distribution

Your Account Isn't Verified!

In order to create a playlist on Sporcle, you need to verify the email address you used during registration. Go to your Sporcle Settings to finish the process.

Report this User

Report this user for behavior that violates our Community Guidelines.

Details: